|
|
|
|
| LEADER |
01217nam a2200205 a 4500 |
| 001 |
GR-MES2772 |
| 008 |
991111s1994 gr b 000 0 gre|c |
| 040 |
|
|
|a GrPaTEI
|b gre
|c GR-PaULI
|
| 100 |
1 |
|
|a Γεωργόπουλος, Αντώνης Ν.,
|d 1958-
|
| 245 |
1 |
0 |
|a Διαδικασίες παγκόσμιας οικονομικής ολοκλήρωσης και διεθνοποίηση της παραγωγής στην Ελλάδα :
|b αποτελέσματα πρωτογενούς έρευνας σε επιχειρήσεις /
|c Αντώνης Ν. Γεωργόπουλος.
|
| 260 |
|
|
|a Αθήνα :
|b Παπαζήσης,
|c 1994.
|
| 300 |
|
|
|a 163 σ. ;
|c 21 εκ.
|
| 504 |
|
|
|a Βιβλιογραφία: σ. 159-163.
|
| 650 |
|
4 |
|a Διεθνείς οικονομικές σχέσεις.
|
| 650 |
|
4 |
|a Διεθνής οικονομική ενοποίηση.
|
| 650 |
|
4 |
|a Πολυεθνικές επιχειρήσεις
|z Ελλάς.
|
| 942 |
|
|
|2 ddc
|
| 952 |
|
|
|0 0
|1 0
|2 ddc
|4 0
|6 337_000000000000000_ΓΕΩ
|7 0
|9 267200
|a MSLG
|b MSLG
|c BSC
|d 2021-01-17
|e 24
|f 0
|g 0.00
|l 0
|o 337 ΓΕΩ
|p 2420000004947
|r 2021-01-17 00:00:00
|t 1
|w 2021-01-17
|y BK15
|x 19991111 0 1
|x GrPaTEI
|
| 971 |
|
|
|a .b25738173
|b 15-04-20
|c 13-09-16
|
| 999 |
|
|
|c 153818
|d 153818
|